00572nam a2200169Ia 450000500170000000800410001702000150005808200130007324500190008626000450010530000180015050000910016870000230025994200060028295200990028899900150038720241125043937.0240331s9999 xx 000 0 und d a8170901308 bIIAa894 0aCilappatikaram a ThanjavurbTamil University pressc1989 avii, 150 p ., aCilappatikaram composed by Ilanko is a world classic, Considered purely as literature. aDr.R.S.Pillaieedt cL 001040708LaWERCLbWERCLcSSCd2024-03-31l0o 894.811 IIAp1574r2024-03-31w2024-03-31yL c3373d3373